00674nam a2200193Ia 4500008004100000020001800041041000800059082001300067100002300080245001900103260003900122300000900161440006800170500003500238700002300273906000700296999001700303952016000320230125s9999 xx 000 0 und d a1-84112-211-4 aeng a658bWHI aWhiteley P9112023 aPeople Express c2002bCapstone publicationaLondon a118p aEssential Management Thinking At Your Fingertips Series9107434 aSeries Book;People Series Book aWhiteley P9112023 b24 c88954d88954 00104070aHIMRbHIMRd2003-04-28eThe Word Book Shopg160.00i15931l0o658 WHI B03460pHIMR-BK-3460r2023-01-25 00:00:00v136.00w2003-04-10yBKzB03460